000 00423nam a2200181Ia 4500
001 13939
005 20260306164838.0
008 260306t2004||||xx |||||||||||||| ||spa||
041 _aESP
082 _a005.73
_bk68
100 _aKocay, William
_eAUT
245 0 _aGraphs, algorithms, and optimization
260 _c2004
300 _a483 páginas :
_c
650 _aGEN
654 _aCCC
942 _cLIB
_dJUS
_fJUS
_2ddc
_n
999 _c13939
_d13939